| 000 | 00665nam a2200253Ia 4500 | ||
|---|---|---|---|
| 008 | 160620s9999||||xx |||||||||||||| ||und|| | ||
| 040 | _cEnglish | ||
| 082 | _aXI.A/Gordon | ||
| 082 | _bBORI-63934 | ||
| 100 | _aGary Gordon | ||
| 245 | 4 | _aThe Rise And Fall Of The Japanese Empire | |
| 300 | _a236 | ||
| 300 | _cA | ||
| 300 | _ePaperback | ||
| 530 | _u00063934.pdf | ||
| 563 | _aStudy | ||
| 600 | _aGary Gordon | ||
| 630 | _aThe Rise And Fall Of The Japanese Empire | ||
| 650 | _a"Politics ,History + Histography" | ||
| 650 | _aGeneral Indology | ||
| 700 | _aGary Gordon | ||
| 730 | _aThe Rise And Fall Of The Japanese Empire | ||
| 942 | _cBOOK | ||
| 999 |
_c1391292 _d1391289 |
||